[Event "SWE-chT 1516"]
[Site "Sweden"]
[Date "2015.11.08"]
[Round "3.5"]
[White "Zadruzny, Nicolaj"]
[Black "Vernersson, Per"]
[Result "1/2-1/2"]
[WhiteElo "2235"]
[BlackElo "2318"]
[PlyCount "48"]
[EventDate "2015.11.06"]
[EventType "team-tourn"]
[EventRounds "9"]
[EventCountry "SWE"]
[SourceTitle "CBM 169 Extra"]
[Source "ChessBase"]
[SourceDate "2015.12.18"]
[SourceVersion "1"]
[SourceVersionDate "2015.12.18"]
[SourceQuality "1"]
[WhiteTeam "Burgsvik Alva"]
[BlackTeam "Eksjo"]
[WhiteTeamCountry "SWE"]
[BlackTeamCountry "SWE"]

1. e4 c6 2. Nf3 d5 3. exd5 cxd5 4. Ne5 Nc6 5. d4 Nxe5 6. dxe5 e6 7. Bd3 Ne7 8. Qe2 Nc6 9. 0-0 Bd7 10. c3 g6 11. Nd2 Bg7 12. f4 0-0 13. Nf3 f6 14. exf6 Bxf6 15. Be3 Qe7 16. Rae1 Rae8 17. Qf2 b6 18. Qg3 Qg7 19. Re2 e5 20. fxe5 Nxe5 21. Nxe5 Bxe5 22. Rxf8+ Rxf8 23. Qh4 Qf6 24. Qxf6 Bxf6 1/2-1/2

[Event "SWE-chT 1415 Superettan"]
[Site "Sweden"]
[Date "2014.11.22"]
[Round "2"]
[White "Olofsson Dolk, Mattis"]
[Black "Zadruzny, Nicolaj"]
[Result "1-0"]
[WhiteElo "2222"]
[BlackElo "2238"]
[PlyCount "73"]
[EventDate "2014.11.21"]
[EventType "team-tourn"]
[EventRounds "9"]
[EventCountry "SWE"]
[SourceTitle "EXT 2018"]
[Source "ChessBase"]
[SourceDate "2017.10.13"]
[SourceVersion "1"]
[SourceVersionDate "2017.10.13"]
[SourceQuality "1"]
[WhiteTeam "Vaxjo"]
[BlackTeam "Burgsvik Alva"]
[WhiteTeamCountry "SWE"]
[BlackTeamCountry "SWE"]

1. e4 c5 2. Nf3 Nc6 3. d4 cxd4 4. Nxd4 g6 5. Nc3 Bg7 6. Be3 Nf6 7. Bc4 0-0 8. Bb3 a5 9. 0-0 d6 10. Ndb5 Bd7 11. a4 Nb4 12. f3 Bc6 13. Qe2 Nd7 14. Rad1 b6 15. Bd5 Nxd5 16. exd5 Bxb5 17. Nxb5 Nc5 18. b3 Qd7 19. Bd4 Bxd4+ 20. Rxd4 Rfe8 21. Qd2 Rad8 22. Qh6 e5 23. Rh4 f5 24. Nxd6 Re7 25. Nc4 Qxd5 26. Nxb6 Qe6 27. Nc4 e4 28. fxe4 Nxe4 29. Rh3 Qf6 30. Re3 Qd4 31. Qf4 Qc5 32. Kh1 g5 33. Qf3 Nd2 34. Qg3 f4 35. Rxf4 Ne4 36. Rfxe4 Qxe3 37. Nxe3 1-0

[Event "SWE-chT 1415 Superettan"]
[Site "Sweden"]
[Date "2014.11.21"]
[Round "1"]
[White "Glimbrant, Torbjorn"]
[Black "Zadruzny, Nicolaj"]
[Result "1/2-1/2"]
[WhiteElo "2254"]
[BlackElo "2238"]
[PlyCount "142"]
[EventDate "2014.11.21"]
[EventType "team-tourn"]
[EventRounds "9"]
[EventCountry "SWE"]
[SourceTitle "EXT 2018"]
[Source "ChessBase"]
[SourceDate "2017.10.13"]
[SourceVersion "1"]
[SourceVersionDate "2017.10.13"]
[SourceQuality "1"]
[WhiteTeam "Upsala"]
[BlackTeam "Burgsvik Alva"]
[WhiteTeamCountry "SWE"]
[BlackTeamCountry "SWE"]

1. d4 e6 2. e4 d5 3. Nc3 dxe4 4. Nxe4 Bd7 5. Nf3 Bc6 6. Bd3 Nd7 7. 0-0 Ngf6 8. Qe2 Be7 9. Rd1 Bxe4 10. Bxe4 Nxe4 11. Qxe4 c6 12. c4 0-0 13. Bf4 Re8 14. h3 Nf8 15. Ne5 Ng6 16. Nxg6 hxg6 17. Rd3 Bd6 18. Be5 Qe7 19. Bxd6 Qxd6 20. Qe5 Rad8 21. Rad1 Rd7 22. Qa5 b6 23. Qa4 Red8 24. b4 Qc7 25. Qb3 b5 26. a4 bxc4 27. Qxc4 Qb6 28. b5 cxb5 29. Qxb5 Rd5 30. Qxb6 axb6 31. Rb1 Rxd4 32. Rxd4 Rxd4 33. Rxb6 Rxa4 34. g3 g5 35. Rb5 g4 36. hxg4 Rxg4 37. Kg2 Kh7 38. Ra5 Rd4 39. Kf3 Kg6 40. Rb5 Ra4 41. Rc5 Ra3+ 42. Kg2 Kf6 43. Rb5 g5 44. Rc5 Rd3 45. Ra5 Kg6 46. Ra6 Kf5 47. Ra4 f6 48. Rb4 Ke5 49. Ra4 Rd4 50. Ra5+ Ke4 51. Ra6 Kf5 52. Ra5+ e5 53. Ra6 e4 54. Ra5+ Kg4 55. Ra6 f5 56. Re6 Rd2 57. Re8 Re2 58. Re5 Ra2 59. Re8 Rd2 60. Re5 Rc2 61. Re8 Re2 62. Re7 f4 63. Rxe4 Rxe4 64. f3+ Kf5 65. fxe4+ Kxe4 66. gxf4 Kxf4 67. Kf2 g4 68. Kg2 g3 69. Kg1 Kf3 70. Kf1 g2+ 71. Kg1 Kg3 1/2-1/2

[Event "Rilton Cup 43rd"]
[Site "Stockholm"]
[Date "2014.01.05"]
[Round "9"]
[White "Olofsson Dolk, Mattis"]
[Black "Zadruzny, Nicolaj"]
[Result "1/2-1/2"]
[WhiteElo "2070"]
[BlackElo "2251"]
[PlyCount "91"]
[EventDate "2013.12.27"]
[EventType "swiss"]
[EventRounds "9"]
[EventCountry "SWE"]
[SourceTitle "CBM 158 Extra"]
[Source "ChessBase"]
[SourceDate "2014.02.28"]
[SourceVersion "1"]
[SourceVersionDate "2014.02.28"]
[SourceQuality "1"]

1. d4 Nf6 2. c4 e6 3. Nc3 Bb4 4. e3 b6 5. Nge2 Ne4 6. Bd2 Nxd2 7. Qxd2 Bb7 8. a3 Bxc3 9. Nxc3 f5 10. d5 0-0 11. Bd3 e5 12. 0-0 d6 13. f4 e4 14. Be2 Nd7 15. Nb5 a5 16. b4 Nf6 17. Nd4 Bc8 18. bxa5 bxa5 19. Nc6 Qe8 20. Nxa5 Qa4 21. Nc6 Bd7 22. Nd4 Rfb8 23. Qc3 Kf7 24. h3 g6 25. g4 Qa5 26. Qxa5 Rxa5 27. g5 Ng8 28. Rfc1 Ne7 29. Rc3 Ba4 30. Bd1 Ke8 31. Bxa4+ Rxa4 32. Nb5 Kd7 33. Rb1 Ra5 34. Rcb3 Nc8 35. Nd4 Rxb3 36. Rxb3 Nb6 37. Rc3 Rc5 38. Rc2 Rxc4 39. Rxc4 Nxc4 40. Nc2 Kc8 41. Kf2 Kb7 42. h4 Nb6 43. Nb4 Nc4 44. Nc2 Nb6 45. Nb4 Nc4 46. Nc2 1/2-1/2

[Event "Rilton Cup 43rd"]
[Site "Stockholm"]
[Date "2014.01.01"]
[Round "5"]
[White "Puzko, Danila"]
[Black "Zadruzny, Nicolaj"]
[Result "0-1"]
[WhiteElo "2129"]
[BlackElo "2251"]
[PlyCount "86"]
[EventDate "2013.12.27"]
[EventType "swiss"]
[EventRounds "9"]
[EventCountry "SWE"]
[SourceTitle "CBM 158 Extra"]
[Source "ChessBase"]
[SourceDate "2014.02.28"]
[SourceVersion "1"]
[SourceVersionDate "2014.02.28"]
[SourceQuality "1"]

1. e4 c5 2. c3 Nf6 3. e5 Nd5 4. d4 cxd4 5. cxd4 b6 6. Nc3 Bb7 7. Nf3 e6 8. Bd3 d6 9. Qe2 Nxc3 10. bxc3 Qc7 11. 0-0 Nd7 12. Bd2 dxe5 13. Nxe5 Nxe5 14. dxe5 Bc5 15. Kh1 0-0 16. Bg5 Be7 17. Bf4 Rfd8 18. Rfd1 Rac8 19. c4 g6 20. Rac1 Rd4 21. Be3 Rd7 22. Bh6 Ba6 23. h3 Rcd8 24. f4 Rd4 25. Qf3 Bb7 26. Qg3 Ba3 27. Rc3 Bc5 28. Rf1 Qd7 29. Be2 Rd2 30. Bf3 Rxa2 31. f5 Bxf3 32. Rcxf3 exf5 33. Bg5 Re8 34. Bf6 Rd2 35. Kh2 Rd1 36. h4 Rxf1 37. Rxf1 Qd4 38. Qf3 Qxc4 39. Rd1 Bd4 40. Qg3 Qc5 41. Rxd4 Qxd4 42. Qg5 Re6 43. h5 Rc6 0-1